Why become a Chartered Environmental Surveyor (Record no. 121768)
[ view plain ]
| 000 -LEADER | |
|---|---|
| fixed length control field | 00697nam a22001817a 4500 |
| 008 - FIXED-LENGTH DATA ELEMENTS--GENERAL INFORMATION | |
| fixed length control field | 240111t2008 xxk|||||o|||| 00| 0 eng d |
| 041 ## - LANGUAGE CODE | |
| Language code of text/sound track or separate title | eng |
| 110 ## - MAIN ENTRY--CORPORATE NAME | |
| Corporate author | Royal Institution of Chartered Surveyors |
| 245 ## - TITLE STATEMENT | |
| Title | Why become a Chartered Environmental Surveyor |
| Medium | [Electronic resource] |
| 260 ## - PUBLICATION INFORMATION | |
| Place of publication | London, |
| Publisher | Royal Institution of Chartered Surveyors, |
| Date | 2008 |
| 300 ## - PHYSICAL DESCRIPTION | |
| Physical description | 8p. |
| 500 ## - GENERAL NOTE | |
| General note | Published by the RICS Environmental Faculty |
| 650 ## - KEYWORDS | |
| Keywords | SURVEYING PROFESSION |
| 651 ## - SUBJECT ADDED ENTRY--GEOGRAPHIC NAME | |
| Geographic name | International |
| 710 ## - ADDED CORPORATE NAME | |
| Added corporate author | Royal Institution of Chartered Surveyors |
| 856 ## - ONLINE RESOURCE | |
| Uniform Resource Identifier | <a href="https://www.rics.org/profession-standards/knowledge-and-information-services">https://www.rics.org/profession-standards/knowledge-and-information-services</a> |
| Public note | email [email protected] for a copy |
| 942 ## - ADDED ENTRY ELEMENTS (KOHA) | |
| Suppress in OPAC | Do not suppress in OPAC |
| Lost status | Damaged status | Not for loan | Current library | Shelving location | Date acquired | Total Checkouts | Full call number | Date last seen | Price effective from | Koha item type | Public note |
|---|---|---|---|---|---|---|---|---|---|---|---|
| Archives | Online | 11/01/2024 | SCAN | 11/01/2024 | 11/01/2024 | Online material | To request a copy please email [email protected] |